000 00439nam a2200145 a 4500
001 000030335
005 20200930060237.0
008 110510s2004 000 spa d
040 _aDO-SdBNP
_bspa
_cBNPHU
082 _axxxx
_bO68
245 0 3 _aLa organización.
260 _aSanto Domingo :
_bCentro de Solidaridad para el Desarrollo de la Mujer:
_bVeterinarios sin Fronteras,
_c2004.
300 _a37 p. :
_bil. ;
_c28 cm.
049 _aBNPD
999 _c29827
_d29827